| 000 | 00609nam a2200193 4500 | ||
|---|---|---|---|
| 999 |
_c169294 _d169294 |
||
| 005 | 20191114101252.0 | ||
| 010 | _aENG-126886 | ||
| 020 |
_a9789352668991 _c450.00 |
||
| 035 | _aEN-110418 | ||
| 037 | _bDBAD/PUB | ||
| 082 | _a230.42 | ||
| 100 | _aSingh, Shashi Bala | ||
| 245 |
_aScientific insights in yoga / _cby Shashi Bala Singh [and] K.P.Mishra |
||
| 260 |
_aNew Delhi _bPrabhat Prakashan _c2018 |
||
| 270 |
_a4/19, Asaf Ali Road _bNew Delhi _e110002 _k011-23289777 _mprabhatbooks@gmail.com |
||
| 300 |
_a224p. _c21cm(pbk) |
||
| 700 | _aMishra, K.P. | ||
| 942 |
_2ddc _cEN _h230.42 _mSIN |
||